historians of india,pakistan and ceylon. (Record no. 160962)
[ view plain ]
| 000 -LEADER | |
|---|---|
| fixed length control field | 00443nam a22001577a 4500 |
| 003 - CONTROL NUMBER IDENTIFIER | |
| control field | BD-DhUL |
| 005 - DATE AND TIME OF LATEST TRANSACTION | |
| control field | 20170308133325.0 |
| 008 - FIXED-LENGTH DATA ELEMENTS--GENERAL INFORMATION | |
| fixed length control field | 170308b xxu||||| |||| 00| 0 eng d |
| 040 ## - CATALOGING SOURCE | |
| Original cataloging agency | BD-DhUL |
| Transcribing agency | BD-DhUL |
| 245 ## - TITLE STATEMENT | |
| Title | historians of india,pakistan and ceylon. |
| 260 ## - PUBLICATION, DISTRIBUTION, ETC. (IMPRINT) | |
| Place of publication, distribution, etc. | london: |
| Name of publisher, distributor, etc. | university press, |
| Date of publication, distribution, etc. | 1992 |
| 300 ## - PHYSICAL DESCRIPTION | |
| Extent | 504p. |
| Other physical details | ill.figs.map; |
| Dimensions | 23cm. |
| 500 ## - GENERAL NOTE | |
| General note | include index |
| 504 ## - BIBLIOGRAPHY, ETC. NOTE | |
| Bibliography, etc | include index and bibliography |
| 942 ## - ADDED ENTRY ELEMENTS (KOHA) | |
| Source of classification or shelving scheme | |
| Koha item type | Books |
| Price effective from | Source of acquisition | Date last seen | Permanent Location | Not for loan | Date acquired | Source of classification or shelving scheme | Koha item type | Barcode | Lost status | Damaged status | Shelving location | Withdrawn status | Current Location | Copy number |
|---|---|---|---|---|---|---|---|---|---|---|---|---|---|---|
| 2017-03-08 | Purchased | 2017-03-08 | Dhaka University Library | 2017-03-08 | Books | *a24022* | General Stacks | Dhaka University Library | 1 |
